Visualizzazione normale
Vista MARC
- Agnoletto Margherita, Cappellari Lorenzo, Gamba Astrid
di Personal Name
Records bibliografici associati: 1
001 - CONTROL NUMBER
- control field: 58541
003 - CONTROL NUMBER IDENTIFIER
- control field:
005 - DATE AND TIME OF LATEST TRANSACTION
- control field: 20200928170153.0
008 - FIXED-LENGTH DATA ELEMENTS
- fixed length control field: 200928|| aca||aabn | a|a d
040 ## - CATALOGING SOURCE
- Original cataloging agency:
- Transcribing agency:
100 ## - HEADING--PERSONAL NAME
- Personal name: Agnoletto Margherita, Cappellari Lorenzo, Gamba Astrid
670 ## - SOURCE DATA FOUND
- Source citation: Work cat.: (): Agnoletto Margherita, Cappellari Lorenzo, Gamba Astrid, Donne e lavoro, una paradossale felicità, 2020